Periodic Table - 61-90 - Statistics

General Stats
  • This quiz has been taken 850 times
  • The average score is 23 of 30
Answer Stats
Hint Answer % Correct
63. Eu Europium
90%
79. Au Gold
88%
61. Pm Promethium
85%
62. Sm Samarium
85%
80. Hg Mercury
83%
74. W Tungsten
83%
70. Yb Ytterbium
82%
77. Ir Iridium
81%
78. Pt Platinum
80%
68. Er Erbium
79%
82. Pb Lead
79%
76. Os Osmium
79%
72. Hf Hafnium
78%
65. Tb Terbium
78%
87. Fr Francium
77%
67. Ho Holmium
77%
86. Rn Radon
77%
83. Bi Bismuth
76%
88. Ra Radium
76%
64. Gd Gadolinium
75%
66. Dy Dysprosium
73%
84. Po Polonium
73%
75. Re Rhenium
72%
73. Ta Tantalum
70%
81. Tl Thallium
70%
85. At Astatine
67%
71. Lu Lutetium
67%
90. Th Thorium
67%
89. Ac Actinium
66%
69. Tm Thulium
66%
No matching quizzes found
Score Distribution
Percent of People with Each Score
Percentile by Number Answered
Your Score History
You have not taken this quiz